[Event "East Detroit (MCO/6/31)"]
[Site "?"]
[Date "1984.??.??"]
[Round "?"]
[White "Morneau, F.."]
[Black "Burwell, Raymond"]
[Result "1-0"]
[WhiteElo "1660"]
[BlackElo "1605"]
[PlyCount "77"]
[EventDate "1984.??.??"]

{6/(31)} 1. e4 e5 2. Nf3 Nc6 3. Bb5 a6 4. Ba4 Nf6 5. O-O b5 6. Bb3 d6 7. Re1
Bg4 8. c3 Na5 9. Bc2 c5 10. d3 Be7 11. Bg5 O-O 12. Nbd2 Nc6 13. Nf1 Ne8 14.
Bxe7 Nxe7 15. Ne3 Bh5 16. g4 Bg6 17. Nh4 Nc7 18. Qf3 Ne6 19. Nhf5 Nf4 20. Rad1
Nc6 21. Ng2 Nxg2 22. Kxg2 f6 23. h4 Bf7 24. h5 Ne7 25. Rh1 Ra7 26. Nxg7 Kxg7
27. h6+ Kg6 28. g5 fxg5 29. Rh3 d5 30. Qh5+ Kf6 31. Rf3+ Ke6 32. exd5+ Nxd5 33.
Qg4+ Kd6 34. d4 Kc7 35. dxc5 Bh5 36. Qxh5 Rxf3 37. Qxf3 Nf4+ 38. Kf1 Qf8 39.
Rd6 $138 1-0

[Event "Battle Creek (Insanity/4/1)"]
[Site "?"]
[Date "1984.??.??"]
[Round "?"]
[White "Moore, Robert"]
[Black "Smith, Les L"]
[Result "0-1"]
[WhiteElo "1750"]
[BlackElo "1845"]
[PlyCount "124"]
[EventDate "1984.??.??"]

{4/(1)} 1. e4 e5 2. Nf3 f5 3. d3 d6 4. Nc3 Nf6 5. Bg5 Be7 6. Bxf6 Bxf6 7. Nd5
O-O 8. Nxf6+ Qxf6 9. Be2 c5 10. c3 Nc6 11. Qb3+ Kh8 12. O-O f4 13. Rfd1 g5 14.
d4 exd4 15. cxd4 g4 16. e5 Qg7 17. Nh4 Nxd4 18. Qd3 dxe5 19. g3 Bd7 20. a4 Bc6
21. Bf1 Rad8 22. Qc3 Qf6 23. Rd2 Rc8 24. Re1 b6 25. Bd3 f3 26. Kf1 a5 27. b3
Bd5 28. Rb2 Qe6 29. Re3 Bxb3 30. Rb1 Bd5 31. Rbe1 e4 32. Bxe4 Bxe4 33. Rxe4 Qf6
34. Qd3 Qg7 35. Re5 Ne2 36. Rh5 Rcd8 37. Ng6+ Kg8 38. Qc4+ Qf7 39. Ne7+ Kh8 40.
Qxf7 Rxf7 41. Ng6+ Kg7 42. Ne5 Rf6 43. Nxg4 Rfd6 44. Rg5+ Rg6 45. Rxg6+ hxg6
46. Ne5 Nc3 47. Nxf3 Nxa4 48. Re4 Rd1+ 49. Kg2 Ra1 50. Ne5 b5 51. Rg4 c4 52.
Rxg6+ Kh7 53. Rc6 c3 54. Rc7+ Kg8 55. Rc8+ Kg7 56. Rc7+ Kf6 57. Ng4+ Ke6 58.
Ne3 b4 59. Rb7 Nc5 60. Nc2 b3 61. Rb6+ Kd7 62. Nxa1 c2 0-1

[Event "Plymouth (MI Op/7/45)"]
[Site "?"]
[Date "1984.??.??"]
[Round "?"]
[White "Moore, Robert"]
[Black "Shaler, Terri"]
[Result "1-0"]
[WhiteElo "1750"]
[BlackElo "1605"]
[PlyCount "33"]
[EventDate "1984.??.??"]

{7/(45)} 1. e4 e5 2. Nf3 Nc6 3. Bc4 Bc5 4. c3 Nf6 5. d4 exd4 6. cxd4 Bb4+ 7.
Nc3 O-O 8. e5 Ne4 9. Qd3 Nxc3 10. bxc3 Ba5 11. Ng5 g6 12. Nxh7 Kxh7 13. Qh3+
Kg8 14. Qh6 Bxc3+ 15. Kd1 Ne7 16. Bg5 d5 17. Bf6 1-0

[Event "Plymouth (MI Op/3/60)"]
[Site "?"]
[Date "1984.??.??"]
[Round "?"]
[White "Moore, Robert"]
[Black "Leonard, K.."]
[Result "1-0"]
[WhiteElo "1750"]
[BlackElo "1605"]
[PlyCount "76"]
[EventDate "1984.??.??"]

{3/(60)} 1. e4 b6 2. d4 Bb7 3. Nc3 e6 4. Nf3 Nf6 5. Bd3 Bb4 6. Bg5 h6 7. Bxf6
gxf6 8. Qd2 d5 9. exd5 Bxd5 10. O-O-O Nd7 11. a3 Bxc3 12. Qxc3 a6 13. Bc4 c6
14. Rhe1 b5 15. Bxd5 cxd5 16. Qc6 O-O 17. Qd6 Kh7 18. Rd3 Nb6 19. Qf4 Qb8 20.
Qh4 Rg8 21. Qxf6 Qe8 22. Ne5 Ra7 23. Rh3 Qf8 24. Ree3 Rxg2 25. b3 Rc7 26. Kb2
Nc8 27. Rc3 Rxc3 28. Rxc3 Qe7 29. Qf3 Rg8 30. Nxf7 Rf8 31. Qd3+ Kg7 32. Ne5 Na7
33. Qg6+ Kh8 34. Rh3 Qg7 35. Rxh6+ Kg8 36. Qxe6+ Rf7 37. Rg6 Qxg6 38. Qxg6+ Rg7
1-0

[Event "Plymouth (MI Op/1a/20)"]
[Site "?"]
[Date "1984.??.??"]
[Round "?"]
[White "Moore, Robert"]
[Black "Kitts, Gary"]
[Result "0-1"]
[WhiteElo "1750"]
[BlackElo "2015"]
[PlyCount "44"]
[EventDate "1984.??.??"]

1. e4 Nf6 2. Nc3 d5 3. exd5 Nxd5 4. Nxd5 Qxd5 5. b3 Qe5+ 6. Ne2 Qxa1 7. Nc3 e6
8. Bb5+ Bd7 9. O-O Bxb5 10. Nxb5 Qe5 11. c4 Bd6 12. g3 O-O 13. d4 Qf5 14. c5 a6
15. cxd6 axb5 16. dxc7 Nc6 17. a3 Rfc8 18. Bf4 Qd5 19. Qg4 Rxa3 20. Rc1 Rxb3
21. Be5 Nxe5 22. dxe5 Rxc7 0-1

[Event "Plymouth (MI Op/5/50)"]
[Site "?"]
[Date "1984.??.??"]
[Round "?"]
[White "Moore, Robert"]
[Black "Dolehanty, T.."]
[Result "1-0"]
[WhiteElo "1750"]
[BlackElo "1605"]
[PlyCount "71"]
[EventDate "1984.??.??"]

{5/(50)} 1. e4 c5 2. Nf3 e6 3. d4 cxd4 4. Nxd4 a6 5. a3 b5 6. b4 Bb7 7. Nc3 Nc6
8. Nb3 Rc8 9. Bb2 Ne5 10. Nxb5 axb5 11. Bxe5 Bxe4 12. Rc1 Bc6 13. Be2 Qg5 14.
Bg3 Nf6 15. O-O Ne4 16. Bf3 Nxg3 17. Bxc6 Rxc6 18. hxg3 Rd6 19. Qf3 h5 20. Nc5
f5 21. Rcd1 Qh6 22. Qb7 Rd2 23. Nxd7 h4 24. Rxd2 Qxd2 25. Ne5 Rh7 26. Qf7+ Kd8
27. Qxf8+ Kc7 28. Qc5+ Kd8 29. Nc6+ Kc7 30. Ne5+ Kd8 31. Nf3 Qh6 32. Rd1+ Ke8
33. Qc8+ Kf7 34. Rd7+ Kg6 35. Qe8+ Kf6 36. Qf7# 1-0

[Event "Battle Creek (Insanity/5/2)"]
[Site "?"]
[Date "1984.??.??"]
[Round "?"]
[White "Moore, Robert"]
[Black "Brattin, Vincent"]
[Result "0-1"]
[WhiteElo "1750"]
[BlackElo "1865"]
[PlyCount "104"]
[EventDate "1984.??.??"]

{5/(2)} 1. e4 e5 2. Nf3 Nc6 3. Bc4 Nf6 4. d4 d6 5. dxe5 Nxe5 6. Nxe5 dxe5 7.
Bxf7+ Ke7 8. Qxd8+ Kxd8 9. Nc3 Bb4 10. Bg5 Ke7 11. Bxf6+ gxf6 12. Bc4 Bd7 13.
Ke2 Bxc3 14. bxc3 f5 15. Rab1 b6 16. Bd3 Raf8 17. exf5 Bxf5 18. Bxf5 Rxf5 19.
f3 Rf4 20. Rb4 Rf5 21. Rg4 Rf7 22. Rd1 Rhf8 23. Rd3 Ke6 24. Re3 Kf5 25. Rh4 Re8
26. g4+ Ke6 27. Rh5 Kd6 28. h4 Ree7 29. Rh6+ Kc5 30. Rh5 Kc4 31. Rhxe5 Rxe5 32.
Rxe5 Kxc3 33. g5 Kxc2 34. h5 c5 35. Ke3 c4 36. Kd4 c3 37. g6 hxg6 38. hxg6 Rg7
39. Re3 Kb2 40. Rxc3 Rd7+ 41. Ke5 Kxc3 42. Kf6 Kd4 43. f4 Ke4 44. Ke6 Rc7 45.
f5 Rc6+ 46. Kf7 Kxf5 47. g7 Rf6+ 48. Ke8 Rg6 49. Kf7 Rxg7+ 50. Kxg7 Ke6 51. Kf8
b5 52. Ke8 a5 0-1

[Event "Battle Creek (Insanity/2/1)"]
[Site "?"]
[Date "1984.??.??"]
[Round "?"]
[White "Moore, Robert"]
[Black "Beckwith, Stan"]
[Result "1-0"]
[WhiteElo "1750"]
[BlackElo "1890"]
[PlyCount "65"]
[EventDate "1984.??.??"]

{2/(1)} 1. e4 Nf6 2. Nc3 d5 3. exd5 Nxd5 4. Nxd5 Qxd5 5. d4 c5 6. dxc5 Qxd1+ 7.
Kxd1 e5 8. Be3 Nc6 9. Bb5 Bd7 10. Nf3 O-O-O 11. Nd2 Kb8 12. f3 f6 13. Bxc6 Bxc6
14. Ke2 Rd5 15. b4 Be7 16. c4 Rdd8 17. a4 Rc8 18. b5 Bd7 19. Nb3 g5 20. Rhd1
Be6 21. Rac1 h5 22. a5 a6 23. c6 axb5 24. cxb5 Bxb3 25. Rd7 Rc7 26. Ba7+ Kc8
27. Rxc7+ Kxc7 28. Bb6+ Kc8 29. cxb7+ Kxb7 30. Rc7+ Kb8 31. a6 Bd8 32. a7+ Ka8
33. Rc8+ 1-0

[Event "Plymouth (MI Op/5/8)"]
[Site "?"]
[Date "1984.??.??"]
[Round "?"]
[White "Moody, David"]
[Black "Thompson, Dexter"]
[Result "1/2-1/2"]
[WhiteElo "1985"]
[BlackElo "2130"]
[PlyCount "147"]
[EventDate "1984.??.??"]

{5/(8)} 1. e4 e5 2. Bc4 Nf6 3. Nc3 Nxe4 4. Qh5 Nd6 5. Bb3 Nc6 6. Nb5 g6 7. Qf3
f5 8. Qd5 Qe7 9. Nxc7+ Kd8 10. Nxa8 b6 11. d3 Bb7 12. Qf3 Nd4 13. Qg3 f4 14.
Qg4 N6f5 15. Nxb6 h5 16. Qxg6 Nh4 17. Qf7 Qxf7 18. Bxf7 axb6 19. c4 Bxg2 20.
Bd5 f3 21. Bg5+ Be7 22. Bxh4 Bxh4 23. Nxf3 Bxh1 24. Nxd4 Bxd5 25. Nf5 Bxc4 26.
dxc4 Bxf2+ 27. Kxf2 Rf8 28. Rf1 Rxf5+ 29. Ke2 Rg5 30. b4 Kc7 31. a4 Rg4 32. Kd3
Rh4 33. Rf2 Kc6 34. Ra2 d5 35. cxd5+ Kxd5 36. Rd2 Rxb4 37. Kc3+ Rd4 38. Rb2
Rc4+ 39. Kd3 Rxa4 40. Rb5+ Ke6 41. Rxb6+ Kf5 42. Rb8 Ra3+ 43. Ke2 Kf4 44. Rf8+
Ke4 45. Kf2 Ra2+ 46. Kg3 h4+ 47. Kxh4 Rxh2+ 48. Kg3 Rd2 49. Re8 Re2 50. Ra8 Rc2
51. Ra4+ Ke3 52. Ra3+ Ke2 53. Rb3 Rd2 54. Kg4 Rd3 55. Rb2+ Ke3 56. Rh2 e4 57.
Kg3 Kd4+ 58. Kf4 Rf3+ 59. Kg4 Rf6 60. Ra2 e3 61. Kg3 Rf1 62. Ra4+ Kd5 63. Ra5+
Kc4 64. Ra4+ Kc3 65. Ra3+ Kd2 66. Ra2+ Kd3 67. Ra3+ Ke4 68. Ra4+ Ke5 69. Ra5+
Kd6 70. Ra6+ Kc5 71. Ra5+ Kb4 72. Re5 Re1 73. Kf3 Rf1+ 74. Kxe3 1/2-1/2

[Event "East Detroit (MCO/5/9)"]
[Site "?"]
[Date "1984.??.??"]
[Round "?"]
[White "Moody, David"]
[Black "Noren, Kevin"]
[Result "0-1"]
[WhiteElo "1955"]
[BlackElo "2225"]
[PlyCount "48"]
[EventDate "1984.??.??"]

{5/(9)} 1. e4 g6 2. d4 Bg7 3. c4 d6 4. Nc3 c6 5. Be3 e5 6. d5 a6 7. f3 c5 8.
Qd2 Bh6 9. Bxh6 Qh4+ 10. g3 Qxh6 11. Bh3 Qxd2+ 12. Kxd2 Nd7 13. f4 Ngf6 14. Ke3
O-O 15. Nf3 Re8 16. Rhe1 exf4+ 17. gxf4 Nxe4 18. Nxe4 f5 19. Ne5 dxe5 20. Nd6
Re7 21. Rg1 exf4+ 22. Kxf4 Ne5 23. Bxf5 Bxf5 24. Nxf5 Rf8 0-1

[Event "Plymouth (MI Op/3/37)"]
[Site "?"]
[Date "1984.??.??"]
[Round "?"]
[White "Moody, David"]
[Black "LaBoda, M.."]
[Result "1-0"]
[WhiteElo "1985"]
[BlackElo "1605"]
[PlyCount "31"]
[EventDate "1984.??.??"]

{3/(37)} 1. e4 c6 2. d4 d5 3. exd5 cxd5 4. c4 Nf6 5. Nc3 g6 6. c5 Bf5 7. Nf3
Bg7 8. Bb5+ Nbd7 9. Ne5 O-O 10. c6 bxc6 11. Nxc6 Qc7 12. Nxe7+ Kh8 13. Nxf5
gxf5 14. O-O Rg8 15. Qf3 Qb6 16. Qxf5 1-0

[Event "Plymouth (MI Op/1a/2)"]
[Site "?"]
[Date "1984.??.??"]
[Round "?"]
[White "Moody, David"]
[Black "Kensek, R.."]
[Result "1-0"]
[WhiteElo "1985"]
[BlackElo "2210"]
[PlyCount "67"]
[EventDate "1984.??.??"]

1. e4 c5 2. Nf3 d6 3. d4 cxd4 4. Nxd4 Nf6 5. Nc3 a6 6. Be3 e6 7. Be2 Be7 8. O-O
Qc7 9. f4 O-O 10. Qe1 Nc6 11. Qf2 Nd7 12. Rad1 Na5 13. f5 Qd8 14. fxe6 Ne5 15.
Nf5 Nac6 16. Bb6 Qe8 17. Nd5 Bxe6 18. Ndxe7+ Nxe7 19. Rxd6 N7c6 20. Be3 Rd8 21.
Nxg7 Qe7 22. Nh5 Ng6 23. Nf6+ Kg7 24. Rxd8 Rxd8 25. Bg5 Qc7 26. Nh5+ Kf8 27.
Qc5+ Rd6 28. Rd1 f6 29. Rxd6 Qe7 30. Bh6+ Kf7 31. Rd5 Bxd5 32. Qxd5+ Ke8 33.
Ng7+ Kf8 34. Nf5+ 1-0

[Event "Plymouth (MI Op/7/25)"]
[Site "?"]
[Date "1984.??.??"]
[Round "?"]
[White "Moody, David"]
[Black "Coleman, John"]
[Result "1/2-1/2"]
[WhiteElo "1985"]
[BlackElo "1780"]
[PlyCount "65"]
[EventDate "1984.??.??"]

{7/(25)} 1. e4 c6 2. d3 d5 3. Nd2 dxe4 4. dxe4 e5 5. Ngf3 Nd7 6. Bc4 Be7 7. Nf1
Qc7 8. Ng3 Nc5 9. Qe2 Be6 10. Be3 Bxc4 11. Qxc4 Ne6 12. O-O-O Nf6 13. Nf5 Ng4
14. Nxe7 Nxe3 15. fxe3 Kxe7 16. Rd2 Rhd8 17. Rf2 f6 18. Rhf1 Qd6 19. Nh4 Qc5
20. Nf5+ Kf7 21. Qe2 Nf8 22. Qh5+ g6 23. Nh6+ Kg7 24. Qh3 Nd7 25. Ng4 Rf8 26.
Qh6+ Kh8 27. Nxf6 Nxf6 28. Rxf6 Rxf6 29. Rxf6 Kg8 30. Qh3 Rf8 31. Rxf8+ Qxf8
32. Qe6+ Qf7 33. Qxf7+ 1/2-1/2

[Event "East Detroit (MCO/3/20)"]
[Site "?"]
[Date "1984.??.??"]
[Round "?"]
[White "Moody, David"]
[Black "Basas, J.."]
[Result "1-0"]
[WhiteElo "1955"]
[BlackElo "1625"]
[PlyCount "59"]
[EventDate "1984.??.??"]

{3/(20)} 1. e4 e6 2. d4 d5 3. Nc3 Bb4 4. e5 c5 5. a3 Bxc3+ 6. bxc3 c4 7. Qg4 g6
8. h4 h5 9. Qg3 Bd7 10. Nh3 Ba4 11. Bg5 Qb6 12. O-O-O Nc6 13. Nf4 Nce7 14. Be2
O-O-O 15. Qh3 Rd7 16. g4 hxg4 17. Bxg4 Qa5 18. Qf3 Nf5 19. h5 Nge7 20. hxg6
Nxg6 21. Bxf5 Rxh1 22. Rxh1 exf5 23. Nxg6 fxg6 24. Rh8+ Kc7 25. e6 Rd6 26. Bf4
Bc6 27. Bxd6+ Kxd6 28. Qf4+ Ke7 29. Rh7+ Kf6 30. Qh4+ 1-0

[Event "East Lansing (MEX/1)"]
[Site "?"]
[Date "1984.??.??"]
[Round "?"]
[White "Mills, J.."]
[Black "Bagherabadi, Mohammed"]
[Result "1-0"]
[WhiteElo "2185"]
[BlackElo "2025"]
[PlyCount "55"]
[EventDate "1984.??.??"]

1. Nf3 c5 2. b3 d5 3. Bb2 Nc6 4. g3 f6 5. e3 e5 6. d4 cxd4 7. exd4 e4 8. Nfd2
f5 9. c4 Nf6 10. cxd5 Nxd5 11. Bc4 e3 12. Qe2 Ncb4 13. O-O Qe7 14. Nc3 Nxc3 15.
Bxc3 exd2 16. Qxd2 Qd6 17. Rfe1+ Kd8 18. d5 Bd7 19. Rac1 h6 20. Be5 Qb6 21. a3
Na6 22. Bxa6 bxa6 23. Bc7+ Qxc7 24. Rxc7 Kxc7 25. d6+ Bxd6 26. Rc1+ Bc6 27. Qd5
Kd7 28. Rxc6 1-0

[Event "Plymouth (MI Op/6/25)"]
[Site "?"]
[Date "1984.??.??"]
[Round "?"]
[White "Mikus, Jim"]
[Black "Thomas, C.."]
[Result "0-1"]
[WhiteElo "1800"]
[BlackElo "2100"]
[PlyCount "104"]
[EventDate "1984.??.??"]

{6/(25)} 1. e4 e6 2. Nf3 d5 3. exd5 exd5 4. d4 Nf6 5. Bf4 Be7 6. Bd3 O-O 7. O-O
Bg4 8. c3 Nbd7 9. Nbd2 Re8 10. Re1 Nf8 11. h3 Bh5 12. Qc2 Bg6 13. Rac1 Bxd3 14.
Qxd3 Ne6 15. Bh2 Nh5 16. Nf1 Nhf4 17. Bxf4 Nxf4 18. Qe3 Bd6 19. Qd2 Qf6 20.
Rxe8+ Rxe8 21. Re1 Rf8 22. Kh1 Nxh3 23. Qe3 Nf4 24. Ng3 Ng6 25. Ng1 Qh4+ 26.
Nh3 Nf4 27. Nf5 Qg4 28. Nxf4 Qxf5 29. Nh3 h6 30. f4 Rd8 31. Qf3 h5 32. Kh2 Qg4
33. Qxg4 hxg4 34. Nf2 Bxf4+ 35. g3 Bd6 36. Nxg4 Kh7 37. Kg2 Kg6 38. Ne5+ Bxe5
39. Rxe5 Rd7 40. Kf3 c6 41. g4 f6 42. Re2 Kf7 43. Kf4 Re7 44. Rxe7+ Kxe7 45. g5
Ke6 46. b3 b5 47. a3 a5 48. a4 bxa4 49. bxa4 f5 50. Ke3 Kf7 51. Kd3 Kg6 52. c4
Kxg5 0-1

[Event "Plymouth (MI Op/5/45)"]
[Site "?"]
[Date "1984.??.??"]
[Round "?"]
[White "Mikus, Jim"]
[Black "Praedel, R.."]
[Result "1-0"]
[WhiteElo "1800"]
[BlackElo "1605"]
[PlyCount "145"]
[EventDate "1984.??.??"]

{5/(45)} 1. e4 c5 2. Nc3 Nc6 3. f4 d6 4. Nf3 Nf6 5. Bc4 e6 6. O-O Be7 7. d3 O-O
8. a3 a6 9. Ne2 b5 10. Ba2 Bb7 11. c3 Qc7 12. Ng3 Rad8 13. Qc2 b4 14. d4 cxd4
15. cxd4 bxa3 16. bxa3 Rc8 17. Bb2 Na5 18. Qd3 Qc2 19. Qd2 Qxd2 20. Nxd2 Rc2
21. Bc1 Rfc8 22. Re1 Bd8 23. e5 dxe5 24. fxe5 Nd5 25. Nge4 Be7 26. Nf3 Nc4 27.
a4 Nb2 28. Bb3 Rxc1 29. Rexc1 Rxc1+ 30. Rxc1 Nf4 31. Ng3 Nh3+ 32. Kf1 Nf4 33.
Rc7 Bxf3 34. gxf3 Bf8 35. Ra7 Nbd3 36. Ne2 Nxe2 37. Bc4 Nef4 38. Bxa6 Nb4 39.
Bb5 Nfd5 40. Be8 Ne7 41. Ke2 Nbc6 42. Bxc6 Nxc6 43. Rd7 Bb4 44. Kd3 Kf8 45. Kc4
Be1 46. Kb5 Na5 47. Ra7 Nb3 48. Kc4 Na5+ 49. Kd3 Ke8 50. Ke4 Nb3 51. Rb7 Nd2+
52. Kd3 Nxf3 53. Ke2 Nxd4+ 54. Kxe1 Nf3+ 55. Ke2 Nxe5 56. a5 g5 57. a6 Nc6 58.
Kd3 Kd8 59. a7 Nxa7 60. Rxa7 Ke8 61. Kd4 Kf8 62. Ke5 Kg7 63. Ra1 Kg6 64. Rg1 h6
65. h4 Kg7 66. h5 Kg8 67. Kf6 Kf8 68. Ra1 Kg8 69. Ra7 g4 70. Rxf7 Kh8 71. Rg7
e5 72. Kg6 e4 73. Ra7 1-0

[Event "Plymouth (MI Op/1b/10)"]
[Site "?"]
[Date "1984.??.??"]
[Round "?"]
[White "Mikus, Jim"]
[Black "Foote, F.."]
[Result "0-1"]
[WhiteElo "1800"]
[BlackElo "2045"]
[PlyCount "72"]
[EventDate "1984.??.??"]

1. e4 Nf6 2. Nc3 d5 3. exd5 Nxd5 4. Nxd5 Qxd5 5. Nf3 Bg4 6. Be2 Nc6 7. O-O
O-O-O 8. c3 e5 9. Qa4 e4 10. Bc4 Qa5 11. Qxa5 Nxa5 12. Ne5 Nxc4 13. Nxg4 Bc5
14. Re1 Rhe8 15. Ne3 Ne5 16. b4 Bb6 17. a4 c6 18. Kf1 Nd3 19. Re2 Rd7 20. b5 g6
21. Ng4 Re6 22. Ba3 f5 23. Ne3 Nf4 24. Ree1 Rxd2 25. a5 Bxe3 26. fxe3 Nxg2 27.
b6 axb6 28. Re2 Rxe2 29. Kxe2 bxa5 30. Rd1 b6 31. Bf8 Re8 32. Bh6 Nh4 33. Rd6
Nf3 34. Bf4 Re7 35. Rxc6+ Kb7 36. Rf6 Rd7 0-1

[Event "Plymouth (MI Op/3/53)"]
[Site "?"]
[Date "1984.??.??"]
[Round "?"]
[White "Mikus, Jim"]
[Black "Alliston, Richard"]
[Result "1-0"]
[WhiteElo "1800"]
[BlackElo "1605"]
[PlyCount "81"]
[EventDate "1984.??.??"]

{3/(53)} 1. e4 c6 2. d4 d5 3. Nc3 dxe4 4. Nxe4 Bf5 5. Ng3 Bg6 6. Nf3 Nf6 7. Bc4
e6 8. O-O Be7 9. Ne5 Nbd7 10. Nxg6 hxg6 11. c3 Qc7 12. Qe2 O-O-O 13. a4 Bd6 14.
Qf3 Rh7 15. h3 Rdh8 16. Ne2 Nb6 17. Bb3 Nh5 18. c4 Bh2+ 19. Kh1 f6 20. a5 Nd7
21. c5 g5 22. Bxe6 Nf4 23. Bxf4 Bxf4 24. Nxf4 Qxf4 25. Qxf4 gxf4 26. a6 g6 27.
axb7+ Kxb7 28. Bxd7 f3 29. Bxc6+ Kxc6 30. Ra6+ Kb7 31. Rxf6 fxg2+ 32. Kxg2 Rxh3
33. Rxg6 Rh2+ 34. Kf3 R8h3+ 35. Rg3 Kc6 36. b4 Rxg3+ 37. Kxg3 Rh6 38. Ra1 Rg6+
39. Kf4 Rf6+ 40. Ke3 Re6+ 41. Kd3 1-0

[Event "East Detroit (MCO/4/4)"]
[Site "?"]
[Date "1984.??.??"]
[Round "?"]
[White "Meleg, M.."]
[Black "Kebrdle, M.."]
[Result "0-1"]
[WhiteElo "2145"]
[BlackElo "1975"]
[PlyCount "74"]
[EventDate "1984.??.??"]

{4/(4)} 1. g3 e5 2. Bg2 Nf6 3. Nf3 d6 4. O-O Be7 5. b4 O-O 6. Bb2 c6 7. c4 Nbd7
8. d3 Re8 9. Nbd2 Qc7 10. Rc1 Rb8 11. d4 Bf8 12. d5 c5 13. b5 g6 14. e4 Bg7 15.
Ne1 Nh5 16. Nd3 Bh6 17. f4 f6 18. Rc2 Bg7 19. f5 Bh6 20. Bc1 Nf8 21. fxg6 hxg6
22. Nf3 Bxc1 23. Qxc1 Bg4 24. Nh4 Qh7 25. Bf3 Bxf3 26. Rxf3 f5 27. Qe3 Nf6 28.
exf5 Ng4 29. fxg6 Nxg6 30. Qg5 e4 31. Qxg4 exf3 32. Nxg6 Qg7 33. Rf2 Re3 34.
Qf5 Rbe8 35. Ngf4 Re1+ 36. Nxe1 Rxe1+ 37. Rf1 Qd4+ 0-1

[Event "East Detroit (MCO/3/9)"]
[Site "?"]
[Date "1984.??.??"]
[Round "?"]
[White "Meleg, M.."]
[Black "Franke, R.."]
[Result "1-0"]
[WhiteElo "2145"]
[BlackElo "1915"]
[PlyCount "33"]
[EventDate "1984.??.??"]

{3/(9)} 1. g3 d5 2. Bg2 e5 3. Nf3 e4 4. Nd4 c5 5. Nb3 Nc6 6. d3 exd3 7. cxd3
Be6 8. O-O Nf6 9. Nc3 Be7 10. Bg5 h6 11. Bxf6 Bxf6 12. Nxc5 b6 13. e4 bxc5 14.
exd5 Bxd5 15. Re1+ Be7 16. Bxd5 Rc8 17. Qf3 1-0

[Event "East Detroit (MCO/2/47)"]
[Site "?"]
[Date "1984.??.??"]
[Round "?"]
[White "McCarter, Robert"]
[Black "Serwatowski, Felix"]
[Result "1-0"]
[WhiteElo "1605"]
[BlackElo "1605"]
[PlyCount "85"]
[EventDate "1984.??.??"]

{2/(47)} 1. e4 e5 2. Nf3 Nc6 3. Bb5 Nf6 4. O-O Nxe4 5. d4 a6 6. Ba4 b5 7. Bb3
Na5 8. Re1 d5 9. Nxe5 Be7 10. Qf3 O-O 11. Bxd5 Qxd5 12. Qxe4 Qd6 13. Bf4 Bb7
14. Qe3 Qd5 15. Nf3 Bd6 16. Bxd6 cxd6 17. Nbd2 Qc6 18. Qd3 Rae8 19. c3 Rxe1+
20. Rxe1 Re8 21. Re3 Rxe3 22. Qxe3 Kf8 23. Qg5 h6 24. Qd8+ Qe8 25. Qxa5 Bxf3
26. Nxf3 Qa8 27. Qc7 d5 28. Ne5 Qe8 29. Qd6+ Qe7 30. Qxd5 Kg8 31. h3 Qe6 32.
Qxe6 fxe6 33. f4 Kf8 34. Kf2 Ke7 35. Ke3 Kd6 36. Ke4 Ke7 37. b3 Kd6 38. c4 bxc4
39. bxc4 Kc7 40. f5 exf5+ 41. Kxf5 Kb6 42. Ke6 a5 43. d5 1-0

[Event "East Detroit (MCO/6/30)"]
[Site "?"]
[Date "1984.??.??"]
[Round "?"]
[White "McCarter, Robert"]
[Black "Foord, Allan"]
[Result "0-1"]
[WhiteElo "1605"]
[BlackElo "1705"]
[PlyCount "84"]
[EventDate "1984.??.??"]

{6/(30)} 1. e4 c5 2. Nf3 d6 3. d4 cxd4 4. Nxd4 Nf6 5. Nc3 a6 6. Be2 Nc6 7. Be3
e6 8. Qd2 Be7 9. O-O-O d5 10. e5 Nxe5 11. f4 Nc4 12. Qd3 Nxe3 13. Qxe3 O-O 14.
Rhf1 Qc7 15. Qf3 Bd7 16. Bd3 Rac8 17. a3 Bxa3 18. Nxd5 exd5 19. bxa3 Bg4 20.
Qg3 Bxd1 21. Rxd1 g6 22. Qh4 Ne4 23. f5 g5 24. Qh6 Qf4+ 25. Kb2 Rfd8 26. Rf1
Qe5 27. c3 Rd6 28. f6 Rb6+ 29. Ka1 Rxf6 30. Rxf6 Nxf6 31. Kb2 Ne4 32. Bxe4 dxe4
33. Qh3 Re8 34. Nf5 e3 35. Nh6+ Kg7 36. Ng4 Qb5+ 37. Kc1 Qc6 38. Kd1 Qd5+ 39.
Ke2 Qd2+ 40. Kf3 Re6 41. g3 f5 42. Nh6 Qf2# 0-1

[Event "East Detroit (MCO/4/29)"]
[Site "?"]
[Date "1984.??.??"]
[Round "?"]
[White "McCarter, Robert"]
[Black "Brattin, Brian"]
[Result "1-0"]
[WhiteElo "1605"]
[BlackElo "1735"]
[PlyCount "91"]
[EventDate "1984.??.??"]

{4/(29)} 1. e4 e5 2. Nf3 Nc6 3. Bb5 a6 4. Ba4 d6 5. O-O Bg4 6. c3 Qf6 7. d3
Bxf3 8. Qxf3 Qxf3 9. gxf3 f5 10. f4 b5 11. Bd1 Nf6 12. fxe5 Nxe5 13. Bc2 fxe4
14. dxe4 O-O-O 15. f4 Ng6 16. Nd2 Nh5 17. Nb3 Be7 18. Nd4 Rdf8 19. Nf5 Bd8 20.
Bd1 Nf6 21. Re1 Nxe4 22. Rxe4 Rxf5 23. Bg4 Rhf8 24. Bxf5+ Rxf5 25. Bd2 d5 26.
Re8 Nxf4 27. Rf1 Nh3+ 28. Kg2 Rxf1 29. Kxf1 Kd7 30. Rxd8+ Kxd8 31. Kg2 c5 32.
Kxh3 Kd7 33. Be3 Kd6 34. Kg3 a5 35. a3 Kc6 36. Kf4 Kd6 37. Kf5 a4 38. Bf4+ Kd7
39. Bg3 Kc6 40. Ke6 d4 41. Be5 d3 42. Bf4 b4 43. c4 h6 44. Ke5 g5 45. Be3 g4
46. Bxh6 1-0

[Event "Battle Creek (Insanity/3/5)"]
[Site "?"]
[Date "1984.??.??"]
[Round "?"]
[White "McAuliffe, Todd"]
[Black "Glynn, P.."]
[Result "1-0"]
[WhiteElo "1605"]
[BlackElo "1605"]
[PlyCount "39"]
[EventDate "1984.??.??"]

{3/(5)} 1. e4 Nc6 2. Nf3 b6 3. d4 d6 4. Nc3 f6 5. Bb5 Bd7 6. Nh4 e5 7. Bxc6
Bxc6 8. d5 f5 9. Qh5+ Kd7 10. dxc6+ Kxc6 11. Nxf5 Nf6 12. Qf7 g6 13. Bg5 gxf5
14. Bxf6 Be7 15. Bxh8 fxe4 16. Qd5+ Kd7 17. Bxe5 c6 18. Qd2 Bg5 19. Qxd6+ Kc8
20. Qxc6+ 1-0

[Event "Battle Creek (Insanity/4/4)"]
[Site "?"]
[Date "1984.??.??"]
[Round "?"]
[White "McAuliffe, Todd"]
[Black "Brattin, Brian"]
[Result "1/2-1/2"]
[WhiteElo "1605"]
[BlackElo "1680"]
[PlyCount "70"]
[EventDate "1984.??.??"]

{4/(4)} 1. e4 e5 2. Nf3 Nc6 3. Bb5 a6 4. Ba4 b5 5. Bb3 Na5 6. Bxf7+ Kxf7 7.
Nxe5+ Ke7 8. d4 Nf6 9. Nc3 d6 10. Nd3 Bb7 11. Bg5 h6 12. Bxf6+ gxf6 13. Nd5+
Bxd5 14. exd5 Qe8 15. O-O Kd8 16. Re1 Qf7 17. Nf4 Be7 18. Qg4 f5 19. Qf3 Nb7
20. Ne6+ Kc8 21. Qc3 Bf6 22. Re2 Nd8 23. Rae1 Rg8 24. Re3 Re8 25. R3e2 Nxe6 26.
Rxe6 Rxe6 27. Rxe6 Kb7 28. Qc6+ Ka7 29. Rxf6 Re8 30. Re6 Rxe6 31. dxe6 Qxe6 32.
Qxc7+ Ka8 33. Qc3 Qxa2 34. Qc8+ Ka7 35. Qc7+ Ka8 1/2-1/2

[Event "Battle Creek (Insanity/7/4)"]
[Site "?"]
[Date "1984.??.??"]
[Round "?"]
[White "McAuliffe, Todd"]
[Black "Beckwith, Stan"]
[Result "0-1"]
[WhiteElo "1605"]
[BlackElo "1890"]
[PlyCount "84"]
[EventDate "1984.??.??"]

{7/(4)} 1. e4 e5 2. Nf3 d6 3. Bc4 h6 4. Nc3 Nf6 5. O-O Be7 6. d4 exd4 7. Nxd4
Nbd7 8. Be3 O-O 9. Qd2 Ng4 10. f4 Nxe3 11. Qxe3 Re8 12. Kh1 Nc5 13. Rad1 Bf6
14. Qg3 Nxe4 15. Nxe4 Rxe4 16. Qg6 Qe7 17. c3 c5 18. Bxf7+ Kf8 19. Nb5 Bd7 20.
Nxd6 Re2 21. Qh7 Qd8 22. Qg8+ Ke7 23. Nf5+ Bxf5 24. Rxd8 Rxd8 25. Be8 Be6 26.
Qh7 Kxe8 27. Qg6+ Bf7 28. Qb1 Rdd2 29. Re1 Rxb2 30. Qd1 Bc4 31. h3 b5 32. Rxe2+
Rxe2 33. Qd6 Rxa2 34. Qb8+ Kf7 35. Qb7+ Be7 36. Qd7 a5 37. Qf5+ Kg8 38. Qc8+
Bf8 39. g4 b4 40. cxb4 axb4 41. h4 b3 42. g5 b2 0-1

[Event "Battle Creek (Insanity/6/5)"]
[Site "?"]
[Date "1984.??.??"]
[Round "?"]
[White "McAuliffe, Todd"]
[Black "Anderson, T.."]
[Result "1-0"]
[WhiteElo "1605"]
[BlackElo "1605"]
[PlyCount "91"]
[EventDate "1984.??.??"]

{6/(5)} 1. e4 e6 2. d4 d5 3. Nc3 Nf6 4. Bg5 Be7 5. e5 Nfd7 6. Bxe7 Qxe7 7. Qd2
c5 8. Nb5 Qd8 9. Nd6+ Kf8 10. Nf3 h6 11. dxc5 Nxc5 12. Qf4 f6 13. Nxc8 Qxc8 14.
exf6 gxf6 15. Qxf6+ Kg8 16. Ne5 Qe8 17. Bd3 Nbd7 18. Nxd7 Qxd7 19. O-O Rc8 20.
Qg6+ Qg7 21. Qxg7+ Kxg7 22. Rad1 Kf6 23. Rfe1 h5 24. Re3 Rcg8 25. Rf3+ Ke5 26.
Re1+ Kd6 27. c4 d4 28. b4 Nd7 29. c5+ Kd5 30. Be4+ Kc4 31. Bxb7 Kxb4 32. c6 Nc5
33. Rb1+ Kc4 34. c7 d3 35. Rf4+ Kc3 36. Rfb4 Nxb7 37. R1b3+ Kc2 38. Rc4+ Kd2
39. Rxb7 Rc8 40. Rb2+ Kd1 41. f3 Rh7 42. Rd4 Rhxc7 43. Rxd3+ Kc1 44. Rf2 a5 45.
Re3 Rc6 46. Re1# 1-0